[Event "4NCL Division 2a"]
[Site "De Vere, Sunningdale ENG"]
[Date "2012.11.03"]
[Round "1.11"]
[White "Zakarian, David"]
[Black "Mansson, James C"]
[Result "1/2-1/2"]
[WhiteElo "2374"]
[BlackElo "2123"]
[PlyCount "87"]
[EventDate "2012.11.03"]
[WhiteTeam "Oxford 1"]
[BlackTeam "e2e4.org.uk 2"]

1. d4 d5 2. Nc3 Nf6 3. Bg5 h6 4. Bxf6 exf6 5. e4 dxe4 6. Nxe4 Be7 7. Bc4 O-O 8.
Ne2 Nc6 9. O-O f5 10. N4g3 Bf6 11. c3 g6 12. b4 Qd6 13. Qb3 Bd7 14. Rae1 Rae8
15. Nc1 Rxe1 16. Rxe1 b5 17. Bf1 a5 18. a3 axb4 19. axb4 Ra8 20. Qb2 Ne7 21.
Be2 Bc6 22. Nd3 Nd5 23. Bf3 Nb6 24. Bxc6 Qxc6 25. Nc5 Qd5 26. Nf1 Nc4 27. Qe2
Kg7 28. Ne3 Nxe3 29. Qxe3 Ra2 30. Qe8 Bh4 31. g3 Qf3 32. Rf1 Bg5 33. Nd7 Qd5
34. Qf8+ Kh7 35. Ne5 Ra8 36. Qxf7+ Qxf7 37. Nxf7 Bd2 38. Rd1 Bxc3 39. Rc1 Ra1
40. Rxa1 Bxa1 41. d5 Bc3 42. d6 cxd6 43. Nxd6 Bxb4 44. Nxb5 1/2-1/2

[Event "4NCL Division 2a"]
[Site "De Vere, Sunningdale ENG"]
[Date "2012.11.03"]
[Round "1.12"]
[White "Coates, David H"]
[Black "Harvey, Marcus R"]
[Result "1/2-1/2"]
[WhiteElo "2085"]
[BlackElo "2161"]
[PlyCount "59"]
[EventDate "2012.11.03"]
[WhiteTeam "e2e4.org.uk 2"]
[BlackTeam "Oxford 1"]

1. d4 e6 2. c4 Nf6 3. Nc3 Bb4 4. Qc2 d5 5. a3 Bxc3+ 6. Qxc3 O-O 7. Bg5 dxc4 8.
Qxc4 b6 9. e3 Ba6 10. Qc2 Bxf1 11. Kxf1 Nbd7 12. Ne2 c5 13. dxc5 Rc8 14. c6 Nb8
15. Rd1 Rxc6 16. Nc3 Qe7 17. Qa4 a6 18. Qh4 Rfc8 19. Bxf6 Qxf6 20. Qxf6 gxf6
21. Ke2 Kf8 22. Rd2 Ke7 23. Rhd1 b5 24. Rd4 Rc4 25. g3 Nc6 26. Rd7+ Ke8 27. Rb7
Rb8 28. Rdd7 b4 29. Re7+ Kd8 30. Rbd7+ 1/2-1/2

[Event "4NCL Division 2a"]
[Site "De Vere, Sunningdale ENG"]
[Date "2012.11.03"]
[Round "1.13"]
[White "Dickinson, Tim R"]
[Black "Bonafont, Philip R"]
[Result "1/2-1/2"]
[WhiteElo "2134"]
[BlackElo "2074"]
[PlyCount "46"]
[EventDate "2012.11.03"]
[WhiteTeam "Oxford 1"]
[BlackTeam "e2e4.org.uk 2"]

1. d4 d5 2. Nf3 Nf6 3. Bg5 Ne4 4. Bf4 c5 5. c3 Qb6 6. Qb3 c4 7. Qxb6 axb6 8.
Nbd2 Bf5 9. Nh4 Nxd2 10. Kxd2 Bd7 11. Bxb8 Rxb8 12. g3 e6 13. f4 Bd6 14. Bg2
Bc6 15. Rae1 O-O 16. e4 dxe4 17. Bxe4 Ra8 18. a3 Rfe8 19. Nf3 f6 20. Re3 Kf7
21. h4 h5 22. Rhe1 b5 23. R1e2 Rad8 1/2-1/2

[Event "4NCL Division 2a"]
[Site "De Vere, Sunningdale ENG"]
[Date "2012.11.03"]
[Round "1.14"]
[White "Denton, John R"]
[Black "Nitz, Tomos"]
[Result "1/2-1/2"]
[WhiteElo "2066"]
[BlackElo "2122"]
[PlyCount "68"]
[EventDate "2012.11.03"]
[WhiteTeam "e2e4.org.uk 2"]
[BlackTeam "Oxford 1"]

1. Nf3 g6 2. g3 Bg7 3. Bg2 c5 4. c4 Nc6 5. Nc3 d6 6. O-O Bf5 7. d3 Qd7 8. a3
Bh3 9. Rb1 Nh6 10. Bd2 Bxg2 11. Kxg2 Nf5 12. b4 h5 13. h4 O-O 14. b5 Ne5 15.
Nxe5 Bxe5 16. e3 b6 17. Qe2 Rad8 18. f4 Bg7 19. a4 d5 20. cxd5 Bxc3 21. Bxc3
Qxd5+ 22. e4 Qxd3 23. Qxd3 Rxd3 24. exf5 Rxc3 25. Rfe1 Rd8 26. fxg6 Rd2+ 27.
Kh1 Rxg3 28. Rxe7 Rxg6 29. Rxa7 Rg4 30. Rg1 Rxg1+ 31. Kxg1 Rd4 32. a5 bxa5 33.
b6 Rb4 34. Rxa5 Rxb6 1/2-1/2

[Event "4NCL Division 2a"]
[Site "De Vere, Sunningdale ENG"]
[Date "2012.11.03"]
[Round "1.15"]
[White "Wang, Xingliang Anna"]
[Black "Garnett, John S"]
[Result "0-1"]
[WhiteElo "1827"]
[BlackElo "2030"]
[PlyCount "118"]
[EventDate "2012.11.03"]
[WhiteTeam "Oxford 1"]
[BlackTeam "e2e4.org.uk 2"]

1. e4 c6 2. d4 d5 3. e5 Bf5 4. Nf3 e6 5. Bd3 Bxd3 6. Qxd3 Qa5+ 7. Nc3 Qa6 8.
Qxa6 Nxa6 9. a3 c5 10. dxc5 Bxc5 11. Na4 Ne7 12. Nxc5 Nxc5 13. Be3 b6 14. Nd4
O-O 15. O-O Rfc8 16. Rad1 Nc6 17. Nxc6 Rxc6 18. c3 Rac8 19. Rd4 Nb3 20. Rdd1
Na5 21. Rfe1 Nc4 22. Bc1 b5 23. g3 a5 24. b3 Nb6 25. Be3 Nd7 26. Bd4 Nc5 27.
Rb1 Ne4 28. b4 axb4 29. cxb4 Nd2 30. Rbd1 Nf3+ 31. Kg2 Nxe1+ 32. Rxe1 Rc2 33.
Ra1 Ra8 34. Kf3 Kf8 35. Ke3 Ke7 36. Kd3 Rc4 37. Bc5+ Kd7 38. Bd4 Rcc8 39. Bb2
Ke7 40. Bd4 f6 41. Ra2 fxe5 42. Bxe5 g5 43. h3 Rc1 44. Kd4 Rc4+ 45. Kd3 Rxb4
46. Ra1 Rb3+ 47. Ke2 Rbxa3 48. Rb1 R3a4 49. Kf3 Rf8+ 50. Kg2 b4 51. Bd4 Rb8 52.
Rb3 Kd6 53. Bf6 Ra3 54. Rb2 b3 55. Bxg5 e5 56. f4 Ra2 57. fxe5+ Ke6 58. Bc1 Rc8
59. Be3 Rxb2+ 0-1

[Event "4NCL Division 2a"]
[Site "De Vere, Sunningdale ENG"]
[Date "2012.11.03"]
[Round "1.16"]
[White "Webster, Richard J"]
[Black "Rawlinson, Christopher JA"]
[Result "1-0"]
[WhiteElo "2004"]
[BlackElo "2057"]
[PlyCount "61"]
[EventDate "2012.11.03"]
[WhiteTeam "e2e4.org.uk 2"]
[BlackTeam "Oxford 1"]

1. e4 e6 2. d4 d5 3. Nc3 Nf6 4. e5 Nfd7 5. f4 c5 6. Nf3 Nc6 7. Be3 cxd4 8. Nxd4
Bb4 9. Qd2 Nc5 10. Bd3 Nxd3+ 11. Qxd3 O-O 12. O-O Bd7 13. Nf3 f5 14. Rad1 Qa5
15. Ne2 Bc5 16. a3 Qb6 17. Bxc5 Qxc5+ 18. Kh1 a5 19. Ned4 Nxd4 20. Nxd4 Rfc8
21. Rf3 Ra6 22. Qd2 a4 23. Rc3 Qa5 24. Rxc8+ Bxc8 25. c3 Rb6 26. Rg1 Bd7 27. g4
fxg4 28. Rxg4 Be8 29. f5 exf5 30. Nxf5 g6 31. Qh6 1-0

[Event "4NCL Division 2a"]
[Site "De Vere, Sunningdale ENG"]
[Date "2012.11.03"]
[Round "1.17"]
[White "Wang, Maria"]
[Black "Truman, Richard G"]
[Result "1/2-1/2"]
[WhiteElo "1809"]
[BlackElo "1969"]
[PlyCount "155"]
[EventDate "2012.11.03"]
[WhiteTeam "Oxford 1"]
[BlackTeam "e2e4.org.uk 2"]

1. e4 c5 2. Nf3 e6 3. d4 cxd4 4. Nxd4 a6 5. Nc3 b5 6. a3 Qc7 7. Bd3 Nf6 8. O-O
Bb7 9. Qe2 d6 10. Be3 Nbd7 11. f3 Be7 12. Rad1 d5 13. exd5 Nxd5 14. Nxd5 Bxd5
15. Bf2 O-O 16. Nf5 Bc5 17. Ne3 Bb7 18. Ng4 Bxf2+ 19. Qxf2 Nc5 20. c3 Rfd8 21.
Bc2 h5 22. Ne3 Rxd1 23. Rxd1 Rd8 24. Qe1 Rxd1 25. Qxd1 Qd7 26. Kf2 h4 27. Qxd7
Nxd7 28. c4 Kf8 29. b4 bxc4 30. Nxc4 Ke7 31. Bd3 Bc6 32. Ke3 g5 33. Na5 Bb5 34.
Bxb5 axb5 35. Nc6+ Kd6 36. Na7 Nb6 37. Nxb5+ Kc6 38. Nd4+ Kd5 39. Kd3 Nc4 40.
Nc2 Nb2+ 41. Kc3 Nd1+ 42. Kd2 Nb2 43. Kc3 Nd1+ 44. Kb3 e5 45. a4 f5 46. a5 Kc6
47. a6 Kb6 48. b5 g4 49. fxg4 fxg4 50. Kc4 g3 51. hxg3 hxg3 52. Kd5 Nc3+ 53.
Kxe5 Nxb5 54. Kf4 Kxa6 55. Kxg3 Kb6 56. Kf4 Kc6 57. Ke5 Kd7 58. Nd4 Nc7 59. Nf3
Ke7 60. Kf5 Ne8 61. Ne5 Nf6 62. Nc6+ Kf7 63. Nd8+ Ke7 64. Ne6 Kf7 65. Nc5 Kg7
66. Ke5 Kg6 67. Ne4 Ng4+ 68. Kf4 Nh6 69. Nd6 Ng8 70. Ne4 Nh6 71. Ng3 Ng8 72.
Nf5 Nf6 73. Ne7+ Kf7 74. Nc6 Nd5+ 75. Ke4 Nf6+ 76. Ke5 Ng4+ 77. Kf4 Nf6 78.
Ne5+ 1/2-1/2

[Event "4NCL Division 2a"]
[Site "De Vere, Sunningdale ENG"]
[Date "2012.11.03"]
[Round "1.18"]
[White "Dias, Theodore R"]
[Black "Miranda Gonzalez, Nicole"]
[Result "1-0"]
[WhiteElo "1790"]
[BlackElo "2009"]
[PlyCount "71"]
[EventDate "2012.11.03"]
[WhiteTeam "e2e4.org.uk 2"]
[BlackTeam "Oxford 1"]

1. e4 c5 2. Nf3 Nc6 3. d4 cxd4 4. Nxd4 Nf6 5. Nc3 e5 6. Ndb5 d6 7. Bg5 a6 8.
Na3 b5 9. Bxf6 gxf6 10. Nd5 f5 11. Bd3 Be6 12. c3 Bg7 13. Nxb5 Bxd5 14. exd5
Ne7 15. Na3 Qa5 16. Nc4 Qxd5 17. Nxd6+ Kf8 18. Bxf5 Qc5 19. Qf3 Ra7 20. Rd1 Ng6
21. Nc8 Bh6 22. Nxa7 Qxa7 23. Rd7 Qb6 24. Bxg6 Qxg6 25. O-O e4 26. Qg3 Bg5 27.
Rfd1 e3 28. fxe3 Rg8 29. Rd8+ Bxd8 30. Rxd8+ Kg7 31. Qxg6+ fxg6 32. Rxg8+ Kxg8
33. e4 Kf7 34. Kf2 Ke6 35. Ke3 Ke5 36. c4 1-0

[Event "4NCL Division 2a"]
[Site "De Vere, Sunningdale ENG"]
[Date "2012.11.03"]
[Round "1.21"]
[White "Jones, Richard S"]
[Black "Swanson, Stephen"]
[Result "1-0"]
[WhiteElo "2393"]
[BlackElo "2253"]
[PlyCount "49"]
[EventDate "2012.11.03"]
[WhiteTeam "Rhyfelwyr Essyllwg 1"]
[BlackTeam "Poisoned Pawns"]

1. e4 d6 2. d4 g6 3. Nc3 Bg7 4. f4 Nf6 5. Nf3 c5 6. dxc5 Qa5 7. Qd4 Nc6 8. Bb5
O-O 9. Qa4 Qc7 10. O-O Bd7 11. Nd5 Nxd5 12. exd5 Ne5 13. Be3 Ng4 14. cxd6 exd6
15. Bd4 Bxb5 16. Qxb5 Qxc2 17. Bxg7 Kxg7 18. Qb4 Rae8 19. Qd4+ Kg8 20. Rfe1 Qf5
21. h3 Nf6 22. Nh4 Rxe1+ 23. Rxe1 Qxd5 24. Qxf6 Qxa2 25. Nf5 1-0

[Event "4NCL Division 2a"]
[Site "De Vere, Sunningdale ENG"]
[Date "2012.11.03"]
[Round "1.22"]
[White "Harley, Andrew D"]
[Black "Kett, Timothy J"]
[Result "1/2-1/2"]
[WhiteElo "2234"]
[BlackElo "2216"]
[PlyCount "46"]
[EventDate "2012.11.03"]
[WhiteTeam "Poisoned Pawns"]
[BlackTeam "Rhyfelwyr Essyllwg 1"]

1. e4 e5 2. Nf3 Nc6 3. Bb5 a6 4. Ba4 Nf6 5. O-O Be7 6. d3 b5 7. Bb3 d6 8. a4
Bb7 9. Bd2 O-O 10. Nc3 Nd4 11. Nxd4 exd4 12. Nd5 Nxd5 13. Bxd5 Bxd5 14. exd5
Qd7 15. c4 dxc3 16. bxc3 Qf5 17. Qe2 Bf6 18. axb5 axb5 19. Rxa8 Rxa8 20. c4 h5
21. Bb4 Bd4 22. h3 Ra4 23. Qd2 Kh7 1/2-1/2

[Event "4NCL Division 2a"]
[Site "De Vere, Sunningdale ENG"]
[Date "2012.11.03"]
[Round "1.23"]
[White "Trevelyan, John"]
[Black "Byway, Paul V"]
[Result "1/2-1/2"]
[WhiteElo "2129"]
[BlackElo "2157"]
[PlyCount "114"]
[EventDate "2012.11.03"]
[WhiteTeam "Rhyfelwyr Essyllwg 1"]
[BlackTeam "Poisoned Pawns"]

1. e4 c5 2. c3 d5 3. d3 Nc6 4. Be2 e6 5. Nf3 dxe4 6. dxe4 Qxd1+ 7. Bxd1 Bd6 8.
Nbd2 Nge7 9. Nc4 Bc7 10. Be3 b6 11. Ba4 O-O 12. O-O-O Ba6 13. Nd6 Rad8 14. Bb5
Bxb5 15. Nxb5 Bb8 16. c4 Ng6 17. g3 Nge5 18. Nxe5 Nxe5 19. b3 Nf3 20. h3 f6 21.
Rxd8 Rxd8 22. Rd1 Rxd1+ 23. Kxd1 g5 24. g4 Kf7 25. Ke2 Ng1+ 26. Kf1 Nxh3 27.
Kg2 Nf4+ 28. Bxf4 gxf4 29. f3 f5 30. gxf5 exf5 31. exf5 Kf6 32. Na3 Kxf5 33.
Nc2 Bd6 34. Kh3 Be7 35. Kh2 Bh4 36. Kh3 Bf2 37. Kh2 h5 38. Kh3 Ke5 39. Kg2 Bh4
40. Kh3 Bf6 41. Kh2 Kd6 42. Kh3 Kc6 43. Kg2 b5 44. Kh3 b4 45. Kg2 Bh4 46. Kh3
Bg3 47. Kg2 Kd6 48. Kh3 Ke5 49. Kg2 Kf5 50. Kh3 Kg5 51. Kg2 Kf5 52. Kh3 Bf2 53.
Kg2 Bd4 54. Kh3 Bc3 55. Kg2 Kg5 56. Kh2 Kh4 57. Kg2 a5 1/2-1/2

[Event "4NCL Division 2a"]
[Site "De Vere, Sunningdale ENG"]
[Date "2012.11.03"]
[Round "1.24"]
[White "Goodger, Martyn"]
[Black "Morris, Gareth L"]
[Result "1-0"]
[WhiteElo "2086"]
[BlackElo "2091"]
[PlyCount "81"]
[EventDate "2012.11.03"]
[WhiteTeam "Poisoned Pawns"]
[BlackTeam "Rhyfelwyr Essyllwg 1"]

1. e4 c5 2. Nf3 Nc6 3. Bb5 g6 4. O-O Bg7 5. c3 Nf6 6. e5 Nd5 7. d4 cxd4 8. cxd4
O-O 9. Nc3 Nxc3 10. bxc3 d6 11. exd6 Qxd6 12. a4 a6 13. Bd3 Rd8 14. Ba3 Qc7 15.
Re1 e5 16. Qc2 Bg4 17. Nxe5 Nxe5 18. dxe5 Bxe5 19. h3 Be6 20. Bb2 Bf6 21. Re3
Qb6 22. Be4 Bb3 23. Qe2 Rd7 24. a5 Qd8 25. Rd3 Rc8 26. Rxd7 Qxd7 27. Qf3 Kg7
28. Bxb7 Rb8 29. Be4 Qd2 30. Ba3 Bxc3 31. Rb1 Be5 32. g3 Qa2 33. Be7 Re8 34.
Bg5 Bd5 35. Qe3 Bxe4 36. Bh6+ Kg8 37. Qxe4 Qxa5 38. f4 Qc5+ 39. Kg2 Rd8 40.
fxe5 f5 41. exf6 1-0

[Event "4NCL Division 2a"]
[Site "De Vere, Sunningdale ENG"]
[Date "2012.11.03"]
[Round "1.25"]
[White "Young, Alan"]
[Black "McEwan, Ken B"]
[Result "0-1"]
[WhiteElo "2049"]
[BlackElo "2100"]
[PlyCount "62"]
[EventDate "2012.11.03"]
[WhiteTeam "Rhyfelwyr Essyllwg 1"]
[BlackTeam "Poisoned Pawns"]

1. e4 c5 2. Nf3 d6 3. d4 cxd4 4. Nxd4 Nf6 5. Nc3 a6 6. h3 e5 7. Nde2 Be7 8. g4
h6 9. Be3 Qc7 10. Ng3 g6 11. Qd2 Bf8 12. O-O-O b5 13. a3 Bb7 14. f4 Nbd7 15. g5
hxg5 16. fxg5 Nh5 17. Nxh5 Rxh5 18. Be2 Rh4 19. Bf2 Rf4 20. Be3 Rh4 21. Rhf1
Rxh3 22. Rh1 Rxh1 23. Rxh1 Nc5 24. Rh4 O-O-O 25. b4 Nd7 26. Rh7 Nb6 27. Bxb5 d5
28. exd5 Nxd5 29. Nxd5 Rxd5 30. Qf2 Qc3 31. Bd3 Rxd3 0-1

[Event "4NCL Division 2a"]
[Site "De Vere, Sunningdale ENG"]
[Date "2012.11.03"]
[Round "1.26"]
[White "Rosen, Daniel B"]
[Black "Brown, Tom"]
[Result "1/2-1/2"]
[WhiteElo "2085"]
[BlackElo "2085"]
[PlyCount "44"]
[EventDate "2012.11.03"]
[WhiteTeam "Poisoned Pawns"]
[BlackTeam "Rhyfelwyr Essyllwg 1"]

1. e4 c6 2. d4 d5 3. exd5 cxd5 4. c4 Nf6 5. c5 g6 6. Nc3 Bg7 7. Bd3 Nc6 8. Nge2
O-O 9. O-O Bf5 10. Bxf5 gxf5 11. Qd3 Ne4 12. f3 Nxc3 13. bxc3 e6 14. Bf4 Na5
15. Rab1 b6 16. cxb6 axb6 17. Ng3 Qh4 18. Qd2 Nc4 19. Qc1 Qf6 20. Rf2 Ra7 21.
Nf1 Rc8 22. Ne3 Qd8 1/2-1/2

[Event "4NCL Division 2a"]
[Site "De Vere, Sunningdale ENG"]
[Date "2012.11.03"]
[Round "1.27"]
[White "Smith, Olivia"]
[Black "McCorry, Robert T"]
[Result "0-1"]
[WhiteElo "2018"]
[BlackElo "2053"]
[PlyCount "80"]
[EventDate "2012.11.03"]
[WhiteTeam "Rhyfelwyr Essyllwg 1"]
[BlackTeam "Poisoned Pawns"]

1. Nf3 d5 2. g3 c6 3. Bg2 Bg4 4. d3 Nd7 5. h3 Bh5 6. Nbd2 e5 7. c4 Ngf6 8. O-O
Bd6 9. Nh4 a5 10. Nf5 Bf8 11. Re1 Bg6 12. e4 Bxf5 13. exf5 Bd6 14. g4 h6 15. d4
O-O 16. cxd5 cxd5 17. dxe5 Nxe5 18. Nf3 Nxf3+ 19. Qxf3 Qb6 20. h4 Rfe8 21. Rd1
Bc5 22. Rb1 Ne4 23. Be3 d4 24. Bf4 d3 25. Rxd3 Nxf2 26. Rb3 Nxg4+ 27. Kh1 Nf2+
28. Kh2 Qf6 29. Bg3 Ne4 30. Qg4 Nd2 31. Bxb7 Rad8 32. Rd1 Nxb3 33. axb3 Rxd1
34. Qxd1 Qxf5 35. Bc6 Rc8 36. Bb7 Re8 37. Bc6 Re3 38. Qd8+ Kh7 39. Qd2 Qg4 40.
Qc2+ g6 0-1

[Event "4NCL Division 2a"]
[Site "De Vere, Sunningdale ENG"]
[Date "2012.11.03"]
[Round "1.28"]
[White "Sucikova, Svetlana"]
[Black "Freeland, Alexander"]
[Result "0-1"]
[WhiteElo "1853"]
[BlackElo "1819"]
[PlyCount "124"]
[EventDate "2012.11.03"]
[WhiteTeam "Poisoned Pawns"]
[BlackTeam "Rhyfelwyr Essyllwg 1"]

1. c4 Nf6 2. Nc3 g6 3. g3 Bg7 4. Bg2 O-O 5. d4 d6 6. Nf3 Nbd7 7. O-O a6 8. b3
c5 9. Bb2 Rb8 10. dxc5 Nxc5 11. Nd5 Nxd5 12. Bxg7 Kxg7 13. Qxd5 b5 14. e4 bxc4
15. Qxc4 Qa5 16. Nd4 Bd7 17. Rfc1 Rfc8 18. Qc3 Qxc3 19. Rxc3 a5 20. Rc4 Nd3 21.
Rxc8 Rxc8 22. Bf1 Rc1 23. Nc2 Rxc2 24. Bxd3 Rd2 25. Bf1 Be6 26. Kg2 d5 27. exd5
Bxd5+ 28. Kg1 Kf6 29. Bg2 Be6 30. Kf1 Ke5 31. Re1+ Kd6 32. Re2 Rxe2 33. Kxe2
Kc5 34. Kd3 Kb4 35. Bf3 Ka3 36. Kc3 Kxa2 37. Bd1 Kb1 38. Be2 f6 39. Bf3 Bf7 40.
Be2 e5 41. h4 h6 42. Bc4 Be8 43. Be2 Kc1 44. f3 Bc6 45. f4 e4 46. h5 gxh5 47.
Bxh5 Bb5 48. Kd4 Bd3 49. Bg6 Kb2 50. Bxe4 Bxe4 51. Kxe4 Kxb3 52. Kf5 a4 53.
Kxf6 a3 54. Kg6 a2 55. Kxh6 a1=Q 56. Kh5 Qh8+ 57. Kg5 Qg7+ 58. Kh4 Kc4 59. g4
Kd4 60. Kh5 Ke4 61. f5 Kf4 62. f6 Qg5# 0-1

[Event "4NCL Division 2a"]
[Site "De Vere, Sunningdale ENG"]
[Date "2012.11.03"]
[Round "1.31"]
[White "Crouch, Colin S"]
[Black "Carleton, John J"]
[Result "1/2-1/2"]
[WhiteElo "2382"]
[BlackElo "2277"]
[PlyCount "124"]
[EventDate "2012.11.03"]
[WhiteTeam "Pandora's Box Grantham"]
[BlackTeam "Spirit of Atticus"]

1. d4 Nf6 2. c4 Nc6 3. Nf3 e6 4. e3 Bb4+ 5. Nbd2 O-O 6. Bd3 d6 7. O-O Bxd2 8.
Bxd2 e5 9. dxe5 dxe5 10. Qc2 Qe7 11. Ng5 h6 12. Ne4 a5 13. a3 b6 14. Bc3 Nd7
15. Ng3 Nc5 16. Bh7+ Kh8 17. Be4 Nxe4 18. Qxe4 Bd7 19. f4 f6 20. Rad1 Rad8 21.
fxe5 Nxe5 22. Bxe5 fxe5 23. Rxf8+ Rxf8 24. Rf1 Rxf1+ 25. Nxf1 Qf6 26. Nd2 Bc6
27. Qd3 Qg5 28. e4 Kh7 29. g3 Qg4 30. Qf3 Qxf3 31. Nxf3 Bxe4 32. Nxe5 g6 33.
Kf2 Kg7 34. Ke3 Bf5 35. c5 bxc5 36. Nc6 a4 37. Na5 Kf6 38. Nb7 c4 39. Kd4 Kg5
40. Nc5 Kg4 41. Nxa4 Kh3 42. Ke3 Kxh2 43. Kf2 h5 44. Nc3 g5 45. Nd5 Bc2 46. Nf6
Bd1 47. Ne4 h4 48. gxh4 gxh4 49. Nd2 Kh3 50. Nxc4 Bb3 51. Ne5 c5 52. Nd3 Kg4
53. Nxc5 Bd5 54. Nd3 Bb3 55. Ne5+ Kf5 56. Nf3 Kg4 57. Nxh4 Kxh4 58. Ke3 Kg5 59.
Kd4 Kf6 60. Kc5 Ke7 61. Kb5 Kd7 62. a4 Kc7 1/2-1/2

[Event "4NCL Division 2a"]
[Site "De Vere, Sunningdale ENG"]
[Date "2012.11.03"]
[Round "1.32"]
[White "Ivell, Nicholas W"]
[Black "Ross, Chris N"]
[Result "1/2-1/2"]
[WhiteElo "2320"]
[BlackElo "2247"]
[PlyCount "98"]
[EventDate "2012.11.03"]
[WhiteTeam "Spirit of Atticus"]
[BlackTeam "Pandora's Box Grantham"]

1. e4 c5 2. Nc3 Nc6 3. g3 g6 4. Bg2 Bg7 5. d3 Rb8 6. Be3 d6 7. Nge2 Nd4 8. O-O
b5 9. Qd2 e6 10. f4 Ne7 11. Nd1 b4 12. c3 bxc3 13. bxc3 Nxe2+ 14. Qxe2 O-O 15.
e5 dxe5 16. Bxc5 Qc7 17. Bxe7 Qxe7 18. fxe5 Ba6 19. Qe3 Rfd8 20. Nf2 Qc7 21.
Rae1 Rb2 22. a4 Ra2 23. c4 Bf8 24. Ne4 Kg7 25. Rf4 Bb7 26. Rh4 f5 27. exf6+ Kh8
28. Bf1 Qb6 29. c5 Qc6 30. f7 Qd5 31. Rxh7+ Kxh7 32. Nf6+ Kg7 33. Nxd5 Bxd5 34.
d4 Rd7 35. Qe5+ Kxf7 36. Bh3 Re7 37. c6 Bg7 38. Qf4+ Kg8 39. c7 Rc2 40. Rb1
Rexc7 41. Bf1 Rf7 42. Rb8+ Bf8 43. Qg5 Kg7 44. h4 Bd6 45. h5 Be4 46. Re8 Rf3
47. Rxe6 Rxg3+ 48. Qxg3 Bxg3 49. Rxe4 Bf2+ 1/2-1/2

[Event "4NCL Division 2a"]
[Site "De Vere, Sunningdale ENG"]
[Date "2012.11.03"]
[Round "1.33"]
[White "Capuzzo, Marcos"]
[Black "Jackson, Sheila"]
[Result "0-1"]
[WhiteElo "2237"]
[BlackElo "2177"]
[PlyCount "114"]
[EventDate "2012.11.03"]
[WhiteTeam "Pandora's Box Grantham"]
[BlackTeam "Spirit of Atticus"]

1. d4 Nf6 2. c4 e6 3. Nf3 d5 4. e3 Bb4+ 5. Nbd2 O-O 6. a3 Bxd2+ 7. Bxd2 Nbd7 8.
Rc1 Ne4 9. Bd3 c6 10. Bb4 Re8 11. O-O a5 12. Be1 f5 13. Ne5 Nxe5 14. dxe5 dxc4
15. Rxc4 b6 16. Rd4 Qc7 17. Qh5 g6 18. Qh6 c5 19. Rc4 Rd8 20. f3 Rxd3 21. fxe4
Ba6 22. Rc1 Qxe5 23. Rf2 Qxe4 24. Bc3 e5 25. Re1 Bb7 26. h4 Re8 27. Qg5 Rd6 28.
h5 Qg4 29. Qxg4 fxg4 30. hxg6 Rxg6 31. Rf5 e4 32. Ref1 Ba6 33. R1f4 g3 34. Rd5
Bd3 35. Rd7 Bc4 36. Rb7 h5 37. Rd7 Rf8 38. Rxf8+ Kxf8 39. Rd1 Rg5 40. b4 axb4
41. axb4 Rf5 42. bxc5 bxc5 43. Ba5 Bd3 44. Bc7 h4 45. Ba5 c4 46. Bc3 Kf7 47.
Ra1 Kg6 48. Bb4 Rb5 49. Bc3 Rb3 50. Rc1 Kf5 51. Ba5 Kg4 52. Bc3 h3 53. Be5 Rb5
54. Bd4 Rf5 55. Ra1 Bf1 56. gxh3+ Kxh3 57. Rc1 g2 0-1

[Event "4NCL Division 2a"]
[Site "De Vere, Sunningdale ENG"]
[Date "2012.11.03"]
[Round "1.34"]
[White "Smith, Andrew P"]
[Black "Batchelor, Peter J"]
[Result "1-0"]
[WhiteElo "2194"]
[BlackElo "2138"]
[PlyCount "81"]
[EventDate "2012.11.03"]
[WhiteTeam "Spirit of Atticus"]
[BlackTeam "Pandora's Box Grantham"]

1. e4 c6 2. d4 d5 3. e5 Bf5 4. c4 e6 5. Nc3 Ne7 6. Nge2 dxc4 7. Ng3 Nd7 8. Bxc4
Nb6 9. Bb3 Bg6 10. O-O Nf5 11. Nxf5 Bxf5 12. Be3 h5 13. Bc2 g6 14. Bxf5 gxf5
15. h3 Nd5 16. Qb3 Nxe3 17. fxe3 b6 18. Qc4 Rc8 19. e4 b5 20. Qd3 b4 21. Ne2
fxe4 22. Qxe4 Qd5 23. Qf4 Rh7 24. Kh1 Bh6 25. Qf2 Rg7 26. Ng3 Kf8 27. Rae1 Rc7
28. Nxh5 Rg6 29. Nf6 Qxa2 30. Qc2 Qa5 31. Nd5 Rxg2 32. Qxg2 Qxd5 33. Re4 c5 34.
dxc5 Rxc5 35. Rxb4 Qxe5 36. Qg6 Qd5+ 37. Re4 Bf4 38. Rfxf4 Rc1+ 39. Kh2 Qd2+
40. Qg2 Qd1 41. Rd4 1-0

[Event "4NCL Division 2a"]
[Site "De Vere, Sunningdale ENG"]
[Date "2012.11.03"]
[Round "1.36"]
[White "Connor, Stephen J"]
[Black "Mangione, Claudio"]
[Result "0-1"]
[WhiteElo "2065"]
[BlackElo "2098"]
[PlyCount "96"]
[EventDate "2012.11.03"]
[WhiteTeam "Spirit of Atticus"]
[BlackTeam "Pandora's Box Grantham"]

1. c4 g6 2. Nf3 Bg7 3. d4 Nf6 4. g3 O-O 5. Bg2 d6 6. O-O Nc6 7. Nc3 a6 8. d5
Na5 9. Qd3 c5 10. Bg5 b5 11. Nd2 Nd7 12. Bf4 Ne5 13. Bxe5 Bxe5 14. Rab1 bxc4
15. Nxc4 Nxc4 16. Qxc4 a5 17. Rfe1 Ba6 18. Qe4 Rb8 19. Qc2 Rb4 20. a3 Rb7 21.
f4 Bg7 22. Bf3 Qb6 23. e3 Rfb8 24. Be2 c4 25. Kf2 Qb3 26. Qe4 Bxc3 27. bxc3
Qxc3 28. Rbc1 Qxa3 29. f5 Qb2 30. fxg6 hxg6 31. Rc2 Qf6+ 32. Qf4 Rb4 33. Qxf6
exf6 34. Ra1 a4 35. Ra3 f5 36. Rca2 Bb5 37. Bd1 Ra8 38. Ke1 Bd7 39. Rc3 Ra5 40.
Bf3 Kg7 41. Rac2 Rc5 42. Be2 Bb5 43. Bf3 Kf6 44. e4 Bd7 45. Kd2 Rb3 46. Be2
fxe4 47. Bxc4 Rxc3 48. Rxc3 Ke5 0-1

[Event "4NCL Division 2a"]
[Site "De Vere, Sunningdale ENG"]
[Date "2012.11.03"]
[Round "1.37"]
[White "Birtwistle, Nigel"]
[Black "Ackley, Peter JE"]
[Result "1-0"]
[WhiteElo "2148"]
[BlackElo "2029"]
[PlyCount "87"]
[EventDate "2012.11.03"]
[WhiteTeam "Pandora's Box Grantham"]
[BlackTeam "Spirit of Atticus"]

1. e4 e6 2. d4 d5 3. Nd2 Nf6 4. e5 Nfd7 5. Bd3 c5 6. c3 Nc6 7. Ngf3 Be7 8. O-O
cxd4 9. cxd4 g5 10. Nb3 g4 11. Ne1 h5 12. Be3 a5 13. a3 a4 14. Nd2 Qb6 15. Nc2
Qxb2 16. Rb1 Qc3 17. Qe2 Na5 18. f3 g3 19. hxg3 h4 20. gxh4 Rxh4 21. f4 Nb3 22.
Nxb3 axb3 23. Bd2 bxc2 24. Bxc3 cxb1=Q 25. Bxb1 Rxa3 26. Qb2 Nb8 27. Bd3 Nc6
28. Qd2 Bd7 29. Rb1 Ra7 30. g3 Rh8 31. Rb3 Kd8 32. Bb5 Kc8 33. Qb2 Kb8 34. Bf1
Kc7 35. Bg2 Rha8 36. Qc2 Ra2 37. Rb2 Ra1+ 38. Kf2 R1a4 39. f5 Kb8 40. f6 Bd8
41. Qh7 Ra3 42. Qxf7 Kc8 43. Bh3 Rxc3 44. Bxe6 1-0

[Event "4NCL Division 2a"]
[Site "De Vere, Sunningdale ENG"]
[Date "2012.11.03"]
[Round "1.38"]
[White "Robertson, David J"]
[Black "Russell, Harry"]
[Result "0-1"]
[WhiteElo "1939"]
[BlackElo "2038"]
[PlyCount "104"]
[EventDate "2012.11.03"]
[WhiteTeam "Spirit of Atticus"]
[BlackTeam "Pandora's Box Grantham"]

1. e4 c5 2. Nf3 d6 3. d4 cxd4 4. Nxd4 Nf6 5. Nc3 a6 6. Bg5 e6 7. f4 Be7 8. Qf3
h6 9. Bh4 g5 10. fxg5 Nfd7 11. O-O-O Ne5 12. Qe2 hxg5 13. Bg3 Nbd7 14. h3 b5
15. Nf3 Qa5 16. Nxe5 Nxe5 17. Be1 Qc7 18. Qf2 Bb7 19. a3 Bc6 20. Bd3 Qb7 21.
Rf1 a5 22. Qd4 b4 23. Nb1 Rb8 24. axb4 axb4 25. b3 Ng6 26. Nd2 e5 27. Qf2 O-O
28. g3 Ra8 29. Kb2 Ra7 30. Nc4 d5 31. exd5 Bxd5 32. Bd2 e4 33. Be2 f5 34. Be3
Bf6+ 35. Bd4 Qa8 36. Ra1 Rxa1 37. Rxa1 Qc6 38. Ra5 f4 39. Bxf6 Qxf6+ 40. Kc1 e3
41. Qe1 f3 42. Nxe3 fxe2 43. Qxe2 Be6 44. Qb5 Bxh3 45. Qxb4 Be6 46. Qc5 g4 47.
Qh5 Rf7 48. Nxg4 Bxg4 49. Qxg4 Kg7 50. Ra4 Re7 51. Qd4 Ne5 52. Ra7 Nd3+ 0-1

[Event "4NCL Division 2a"]
[Site "De Vere, Sunningdale ENG"]
[Date "2012.11.03"]
[Round "1.41"]
[White "Yeo, Michael J"]
[Black "Spence, David J"]
[Result "1/2-1/2"]
[WhiteElo "2192"]
[BlackElo "2247"]
[PlyCount "85"]
[EventDate "2012.11.03"]
[WhiteTeam "Wessex"]
[BlackTeam "Anglian Avengers 1"]

1. e4 e6 2. d4 d5 3. Nd2 Nf6 4. e5 Nfd7 5. Bd3 c5 6. c3 Nc6 7. Ne2 cxd4 8. cxd4
f6 9. Nf4 Nxd4 10. Qh5+ Ke7 11. exf6+ Nxf6 12. Ng6+ hxg6 13. Qxh8 Kf7 14. O-O
e5 15. Nb3 Nxb3 16. axb3 Bf5 17. Bxf5 gxf5 18. Bg5 Bc5 19. Qh3 Qd7 20. Bxf6
Kxf6 21. Rac1 Bb6 22. Rc3 g6 23. Qh4+ Ke6 24. g4 f4 25. Rh3 Qf7 26. Qh7 Qxh7
27. Rxh7 e4 28. Rxb7 Rc8 29. h4 d4 30. Re1 e3 31. fxe3 fxe3 32. h5 gxh5 33.
gxh5 Rh8 34. Kf1 Rxh5 35. Ke2 Rh2+ 36. Kd3 Kd5 37. Re2 Rh5 38. Rc2 Rh1 39. Rg7
Rd1+ 40. Ke2 Rh1 41. Kd3 Rd1+ 42. Ke2 Rh1 43. Kd3 1/2-1/2